LEADER 02084nam 2200529 a 450 001 9910696550103321 005 20080428163025.0 035 $a(CKB)5470000002379351 035 $a(OCoLC)226340530 035 $a(EXLCZ)995470000002379351 100 $a20080428d2008 ua 0 101 0 $aeng 135 $aurmn||||||||| 181 $ctxt$2rdacontent 182 $cc$2rdamedia 183 $acr$2rdacarrier 200 10$aHomeland Security$b[electronic resource] $estrategic solution for US-VISIT program needs to be better defined, justified, and coordinated : report to the Chairman and Ranking Member, Committee on Homeland Security, House of Representatives 210 1$a[Washington, D.C.] :$cU.S. Govt. Accountability Office,$d[2008] 215 $aiii, 59 pages $cdigital, PDF file 300 $aTitle from title screen (viewed on Apr. 16, 2008). 300 $a"February 2008." 300 $aPaper version available from: U.S. Govt. Accountability Office, 441 G St., NW, Rm. LM, Washington, D.C. 20548. 300 $a"GAO-08-361." 320 $aIncludes bibliographical references. 517 $aHomeland Security 606 $aNoncitizens$xGovernment policy$zUnited States 606 $aIllegal immigration$xGovernment policy$zUnited States 606 $aNoncitizens$zUnited States$xIdentification 606 $aIllegal immigration$zUnited States$xIdentification 606 $aBiometric identification$zUnited States 606 $aCustoms administration$zUnited States 606 $aNational security$zUnited States 606 $aIllegal immigration 615 0$aNoncitizens$xGovernment policy 615 0$aIllegal immigration$xGovernment policy 615 0$aNoncitizens$xIdentification. 615 0$aIllegal immigration$xIdentification. 615 0$aBiometric identification 615 0$aCustoms administration 615 0$aNational security 615 0$aIllegal immigration. 801 0$bGPO 801 1$bGPO 906 $aBOOK 912 $a9910696550103321 996 $aHomeland Security$91686681 997 $aUNINA LEADER 01143nas 2200397 c 450 001 9910895217203321 005 20260218113110.0 035 $a(DE-599)ZDB2541790-3 035 $a(OCoLC)724191869 035 $a(DE-101)1000484688 035 $a(CKB)4100000011960920 035 $a(DE-599)2541790-3 035 $a(EXLCZ)994100000011960920 100 $a20100226b20102013 |y | 101 0 $ager 135 $aur||||||||||| 181 $ctxt$2rdacontent 182 $cc$2rdamedia 183 $acr$2rdacarrier 200 00$aDUZ$eunabha?ngige deutsche Universita?tszeitung$h[...]$iEuropa : fu?r Forscher und Wissenschaftsmanager 210 31$aBerlin$aStuttgart$cRaabe, Fachverl. fu?r Wiss.-Information$d2010-2013 215 $aOnline-Ressource 300 $aErscheint zehnmal ja?hrlich 300 $aGesehen am 25.01.2017 311 08$a1869-7402 517 1 $aDUZ / Europa 517 1 $aDUZ-Europa kompakt 608 $aZeitschrift$2gnd-content 676 $a370 801 0$b8007 801 1$bDE-101 801 2$b9999 906 $aJOURNAL 912 $a9910895217203321 996 $aDUZ$94440519 997 $aUNINA